ANTI - Rihanna (Tracklist) - Statistics

General Stats
  • This quiz has been taken 31 times
  • The average score is 11 of 16
Answer Stats
track % Correct
Love On The Brain
93%
Work
90%
Kiss It Better
86%
Sex With Me
83%
James Joint
79%
Consideration
76%
Desperado
69%
Needed Me
69%
Pose
69%
Woo
69%
Goodnight Gotham
66%
Same 'Ol Mistakes
66%
Higher
62%
Close To You
52%
Never Ending
52%
Yeah, I Said It
52%
No matching quizzes found
Score Distribution
Percent of People with Each Score
Percentile by Number Answered
Your Score History
You have not taken this quiz